Млекопитающие - Армагеддон - Statistics

General Stats
  • This quiz has been taken 110 times
  • The average score is 13 of 27
Answers on the Grid
Answers color-coded by a green-red scale on the quiz's grid according to % correct below.
Жираф
Калан
Вольвокс
Аскарида
Коала
Фаланга
Верблюд
Человек
Хомяк
Носорог
Археоптерикс
Павиан
Фенек
Удильщик
Амёба
Тукан
Ондатра
Дельфин
Козодой
Лошадь
Белка
Компсогнат
Наездник
Сенокосец
Шарпей
Палтус
Гиппопотам
Саккулина
Казуар
Гавиал
Сайгак
Дрозд
Осьминог
Шиншилла
Неясыть
Мусанг
Вомбат
Трубкозуб
Кусака
Игуана
Верветка
Динго
Тапир
Вьюрок
Ехидна
Тихоходка
Броненосец
Улотрикс
Сурикат
Буйвол
 
Answer Stats
Answer % Correct
Жираф
98%
Верблюд
84%
Человек
80%
Носорог
79%
Коала
77%
Лошадь
72%
Хомяк
69%
Буйвол
59%
Шиншилла
56%
Сурикат
54%
Белка
52%
Гиппопотам
51%
Дельфин
48%
Сайгак
48%
Ехидна
43%
Вомбат
41%
Ондатра
38%
Динго
38%
Тапир
36%
Броненосец
36%
Шарпей
34%
Фенек
31%
Павиан
28%
Калан
16%
Трубкозуб
13%
Мусанг
10%
Верветка
5%
No matching quizzes found
Score Distribution
Percent of People with Each Score
Percentile by Number Answered
Your Score History
You have not taken this quiz